000
00319nam a22001457a 4500
008
240126b ||||| |||| 00| 0 eng d
020
_a
6722977
041
_a
eng
080
_2
1968
_a
521
082
_a
521CAI
100
_a
19
101
_a
ASTRO
245
_a
ANATOMY OF THE EARTH
_c
ANDRE CAILLEUX
942
_2
udc
_c
BK
999
_c
60550
_d
60550